{"text_format":"3","workbook":"xls","n_sheets":1,"sheets":["SNPs forward.csv_副本"],"read":"whole","date_system":"1900","formulas":"cached_only"}

{"sheet":"SNPs forward.csv_副本","index":0,"n_rows":181,"n_cols":35,"rows_kept":181,"flags":["formulas_cached_only"]}
["SNP","effect_allele.exposure","other_allele.exposure","effect_allele.outcome","other_allele.outcome","beta.exposure","beta.outcome","eaf.exposure","eaf.outcome","remove","palindromic","ambiguous","id.outcome","chr","pos","se.outcome","samplesize.outcome","pval.outcome","outcome","originalname.outcome","outcome.deprecated","mr_keep.outcome","data_source.outcome","pval.exposure","samplesize.exposure","id.exposure","exposure","mr_keep.exposure","pval_origin.exposure","data_source.exposure","R2","F","action","SNP_index","mr_keep"]
["rs1003322","A","C","A","C",0.0141734,-0.0284,0.213742,0.232993,false,false,false,"ebi-a-GCST90018840",22,51072289,0.0216,458310,0.1876,"Epilepsy || id:ebi-a-GCST90018840","Epilepsy","Epilepsy ||  || ",true,"igd",{"v":1e-08,"d":"1.00E-08"},472174,"ieu-b-4879","telomere length || id:ieu-b-4879",true,"reported","igd",{"v":6.75e-05,"d":"6.75E-05"},31.88324995,2,1,true]
["rs10112752","A","G","A","G",-0.0287522,0.0052,0.430369,0.354941,false,false,false,"ebi-a-GCST90018840",8,73958718,0.0194,458310,0.7892,"Epilepsy || id:ebi-a-GCST90018840","Epilepsy","Epilepsy ||  || ",true,"igd",{"v":9.5e-46,"d":"9.50E-46"},472174,"ieu-b-4879","telomere length || id:ieu-b-4879",true,"reported","igd",0.000405328,191.4622029,2,1,true]
["rs1023767","A","G","A","G",-0.0183732,-0.011,0.237595,0.330251,false,false,false,"ebi-a-GCST90018840",8,95530969,0.0179,458310,0.5412,"Epilepsy || id:ebi-a-GCST90018840","Epilepsy","Epilepsy ||  || ",true,"igd",{"v":5e-15,"d":"5.00E-15"},472174,"ieu-b-4879","telomere length || id:ieu-b-4879",true,"reported","igd",0.000122299,57.75319036,2,1,true]
["rs10768683","G","C","G","C",0.0469922,0.0272,0.841033,0.833311,false,true,false,"ebi-a-GCST90018840",11,5247791,0.0275,458310,0.3216,"Epilepsy || id:ebi-a-GCST90018840","Epilepsy","Epilepsy ||  || ",true,"igd",{"v":1.5e-64,"d":"1.50E-64"},472174,"ieu-b-4879","telomere length || id:ieu-b-4879",true,"reported","igd",0.000590475,278.9705196,2,1,true]
["rs10773176","G","A","G","A",-0.0172009,-0.0023,0.741214,0.78603,false,false,false,"ebi-a-GCST90018840",12,122944713,0.0224,458310,0.9173,"Epilepsy || id:ebi-a-GCST90018840","Epilepsy","Epilepsy ||  || ",true,"igd",{"v":5.2e-14,"d":"5.20E-14"},472174,"ieu-b-4879","telomere length || id:ieu-b-4879",true,"reported","igd",0.000113505,53.60018103,2,1,true]
["rs10774624","A","G","A","G",0.0149944,-0.0656,0.53276,0.534765,false,false,false,"ebi-a-GCST90018840",12,111833788,0.022,458310,0.00287899,"Epilepsy || id:ebi-a-GCST90018840","Epilepsy","Epilepsy ||  || ",true,"igd",{"v":2.9e-13,"d":"2.90E-13"},472174,"ieu-b-4879","telomere length || id:ieu-b-4879",true,"reported","igd",0.000111933,52.85774725,2,1,true]
["rs10805346","C","T","C","T",0.0117072,0.0031,0.439339,0.512844,false,false,false,"ebi-a-GCST90018840",4,9920347,0.0179,458310,0.8621,"Epilepsy || id:ebi-a-GCST90018840","Epilepsy","Epilepsy ||  || ",true,"igd",{"v":7e-09,"d":"7.00E-09"},472174,"ieu-b-4879","telomere length || id:ieu-b-4879",true,"reported","igd",{"v":6.75e-05,"d":"6.75E-05"},31.88348092,2,1,true]
["rs10840270","G","C","G","C",0.014383,0.0311,0.655684,0.595525,false,true,false,"ebi-a-GCST90018840",11,9629553,0.018,458310,0.0840601,"Epilepsy || id:ebi-a-GCST90018840","Epilepsy","Epilepsy ||  || ",true,"igd",{"v":1.3e-11,"d":"1.30E-11"},472174,"ieu-b-4879","telomere length || id:ieu-b-4879",true,"reported","igd",{"v":9.34e-05,"d":"9.34E-05"},44.10842443,2,1,true]
["rs10845387","A","G","A","G",-0.0141214,-0.0225,0.352666,0.466644,false,false,false,"ebi-a-GCST90018840",12,11757743,0.0193,458310,0.2433,"Epilepsy || id:ebi-a-GCST90018840","Epilepsy","Epilepsy ||  || ",true,"igd",{"v":1.5e-11,"d":"1.50E-11"},472174,"ieu-b-4879","telomere length || id:ieu-b-4879",true,"reported","igd",{"v":9.1e-05,"d":"9.10E-05"},42.99493428,2,1,true]
["rs10905255","T","G","T","G",-0.0182493,0.0063,0.57919,0.455506,false,false,false,"ebi-a-GCST90018840",10,5870267,0.0194,458310,0.745799,"Epilepsy || id:ebi-a-GCST90018840","Epilepsy","Epilepsy ||  || ",true,"igd",{"v":2.6e-19,"d":"2.60E-19"},472174,"ieu-b-4879","telomere length || id:ieu-b-4879",true,"reported","igd",0.000162341,76.66555128,2,1,true]
["rs11085072","T","C","T","C",-0.0131806,0.0296,0.236909,0.170404,false,false,false,"ebi-a-GCST90018840",19,4368142,0.0267,458310,0.268,"Epilepsy || id:ebi-a-GCST90018840","Epilepsy","Epilepsy ||  || ",true,"igd",{"v":2.6e-08,"d":"2.60E-08"},472174,"ieu-b-4879","telomere length || id:ieu-b-4879",true,"reported","igd",{"v":6.28e-05,"d":"6.28E-05"},29.66099789,2,1,true]
["rs11117354","C","T","C","T",0.0232506,0.0041,0.696513,0.575173,false,false,false,"ebi-a-GCST90018840",16,88092092,0.0182,458310,0.8236,"Epilepsy || id:ebi-a-GCST90018840","Epilepsy","Epilepsy ||  || ",true,"igd",{"v":3.4e-26,"d":"3.40E-26"},472174,"ieu-b-4879","telomere length || id:ieu-b-4879",true,"reported","igd",0.000228543,107.936204,2,1,true]
["rs111527438","C","T","C","T",0.0125,-0.0144,0.351251,0.353833,false,false,false,"ebi-a-GCST90018840",17,29252703,0.0231,458310,0.5329,"Epilepsy || id:ebi-a-GCST90018840","Epilepsy","Epilepsy ||  || ",true,"igd",{"v":3.1e-09,"d":"3.10E-09"},472174,"ieu-b-4879","telomere length || id:ieu-b-4879",true,"reported","igd",{"v":7.12e-05,"d":"7.12E-05"},33.62601865,2,1,true]
["rs111950327","C","G","C","G",0.0238271,-0.0639,0.063628,0.0615005,false,true,false,"ebi-a-GCST90018840",16,48283993,0.0475,458310,0.1793,"Epilepsy || id:ebi-a-GCST90018840","Epilepsy","Epilepsy ||  || ",true,"igd",{"v":5.9e-09,"d":"5.90E-09"},472174,"ieu-b-4879","telomere length || id:ieu-b-4879",true,"reported","igd",{"v":6.77e-05,"d":"6.77E-05"},31.9446896,2,1,true]
["rs11212631","C","T","C","T",-0.0193458,0.1118,0.199229,0.142573,false,false,false,"ebi-a-GCST90018840",11,108304509,0.0502,458310,0.0259597,"Epilepsy || id:ebi-a-GCST90018840","Epilepsy","Epilepsy ||  || ",true,"igd",{"v":4.7e-14,"d":"4.70E-14"},472174,"ieu-b-4879","telomere length || id:ieu-b-4879",true,"reported","igd",0.000119416,56.39185352,2,1,true]
["rs113525195","A","C","A","C",-0.0124075,-0.0163,0.290254,0.213825,false,false,false,"ebi-a-GCST90018840",14,23499321,0.0227,458310,0.4714,"Epilepsy || id:ebi-a-GCST90018840","Epilepsy","Epilepsy ||  || ",true,"igd",{"v":3.1e-08,"d":"3.10E-08"},472174,"ieu-b-4879","telomere length || id:ieu-b-4879",true,"reported","igd",{"v":6.34e-05,"d":"6.34E-05"},29.95073657,2,1,true]
["rs11557154","T","C","T","C",-0.0343719,-0.0043,0.13003,0.245494,false,false,false,"ebi-a-GCST90018840",9,34107505,0.0215,458310,0.8411,"Epilepsy || id:ebi-a-GCST90018840","Epilepsy","Epilepsy ||  || ",true,"igd",{"v":1.1e-30,"d":"1.10E-30"},472174,"ieu-b-4879","telomere length || id:ieu-b-4879",true,"reported","igd",0.000267291,126.2412373,2,1,true]
["rs11579626","C","A","C","A",0.0265113,0.0127,0.084882,0.131398,false,false,false,"ebi-a-GCST90018840",1,146741960,0.0242,458310,0.5994,"Epilepsy || id:ebi-a-GCST90018840","Epilepsy","Epilepsy ||  || ",true,"igd",{"v":1.3e-13,"d":"1.30E-13"},472174,"ieu-b-4879","telomere length || id:ieu-b-4879",true,"reported","igd",0.00010919,51.56231395,2,1,true]
["rs11584821","T","C","T","C",-0.0306517,0.0164,0.176208,0.183378,false,false,false,"ebi-a-GCST90018840",1,114419489,0.0223,458310,0.4621,"Epilepsy || id:ebi-a-GCST90018840","Epilepsy","Epilepsy ||  || ",true,"igd",{"v":3e-31,"d":"3.00E-31"},472174,"ieu-b-4879","telomere length || id:ieu-b-4879",true,"reported","igd",0.000272761,128.8252591,2,1,true]
["rs116863223","A","G","A","G",-0.0817874,-0.1377,0.011763,0.0134763,false,false,false,"ebi-a-GCST90018840",18,709396,0.0891,458310,0.1223,"Epilepsy || id:ebi-a-GCST90018840","Epilepsy","Epilepsy ||  || ",true,"igd",{"v":2.6e-18,"d":"2.60E-18"},472174,"ieu-b-4879","telomere length || id:ieu-b-4879",true,"reported","igd",0.000155518,73.44289421,2,1,true]
["rs11699829","A","G","A","G",0.0641957,0.0984,0.034146,0.0315337,false,false,false,"ebi-a-GCST90018840",20,62157200,0.0808,458310,0.2235,"Epilepsy || id:ebi-a-GCST90018840","Epilepsy","Epilepsy ||  || ",true,"igd",{"v":1.5e-26,"d":"1.50E-26"},472174,"ieu-b-4879","telomere length || id:ieu-b-4879",true,"reported","igd",0.000271827,128.3841739,2,1,true]
["rs117034449","A","G","A","G",0.0374377,-0.1911,0.023304,0.0244499,false,false,false,"ebi-a-GCST90018840",10,103855348,0.1508,458310,0.2051,"Epilepsy || id:ebi-a-GCST90018840","Epilepsy","Epilepsy ||  || ",true,"igd",{"v":2.1e-08,"d":"2.10E-08"},472174,"ieu-b-4879","telomere length || id:ieu-b-4879",true,"reported","igd",{"v":6.38e-05,"d":"6.38E-05"},30.12771093,2,1,true]
["rs117407747","T","C","T","C",0.0450533,0.0991,0.027571,0.024166,false,false,false,"ebi-a-GCST90018840",7,159117178,0.0953,458310,0.2983,"Epilepsy || id:ebi-a-GCST90018840","Epilepsy","Epilepsy ||  || ",true,"igd",{"v":1.8e-13,"d":"1.80E-13"},472174,"ieu-b-4879","telomere length || id:ieu-b-4879",true,"reported","igd",0.000108841,51.39739777,2,1,true]
["rs117512405","A","G","A","G",-0.0790134,0.0568,0.017043,0.0273311,false,false,false,"ebi-a-GCST90018840",20,62574274,0.0518,458310,0.2724,"Epilepsy || id:ebi-a-GCST90018840","Epilepsy","Epilepsy ||  || ",true,"igd",{"v":9.5e-22,"d":"9.50E-22"},472174,"ieu-b-4879","telomere length || id:ieu-b-4879",true,"reported","igd",0.000209176,98.78776115,2,1,true]
["rs117630647","A","G","A","G",0.059565,-0.0091,0.021346,0.0210523,false,false,false,"ebi-a-GCST90018840",7,124779510,0.0827,458310,0.9126,"Epilepsy || id:ebi-a-GCST90018840","Epilepsy","Epilepsy ||  || ",true,"igd",{"v":1.4e-16,"d":"1.40E-16"},472174,"ieu-b-4879","telomere length || id:ieu-b-4879",true,"reported","igd",0.000148237,70.00395576,2,1,true]
["rs11769630","A","T","A","T",-0.0256807,0.0152,0.072227,0.0962638,false,true,false,"ebi-a-GCST90018840",7,50257703,0.0279,458310,0.586001,"Epilepsy || id:ebi-a-GCST90018840","Epilepsy","Epilepsy ||  || ",true,"igd",{"v":4.3e-11,"d":"4.30E-11"},472174,"ieu-b-4879","telomere length || id:ieu-b-4879",true,"reported","igd",{"v":8.84e-05,"d":"8.84E-05"},41.73723107,2,1,true]
["rs11991877","A","T","A","T",-0.030138,0.0183,0.889309,0.916225,false,true,false,"ebi-a-GCST90018840",8,56664524,0.0316,458310,0.5624,"Epilepsy || id:ebi-a-GCST90018840","Epilepsy","Epilepsy ||  || ",true,"igd",{"v":3.2e-21,"d":"3.20E-21"},472174,"ieu-b-4879","telomere length || id:ieu-b-4879",true,"reported","igd",0.000178823,84.45040754,2,1,true]
["rs12369950","C","T","C","T",-0.0178308,0.0138,0.140675,0.277566,false,false,false,"ebi-a-GCST90018840",12,24762109,0.0216,458310,0.5222,"Epilepsy || id:ebi-a-GCST90018840","Epilepsy","Epilepsy ||  || ",true,"igd",{"v":8e-10,"d":"8.00E-10"},472174,"ieu-b-4879","telomere length || id:ieu-b-4879",true,"reported","igd",{"v":7.69e-05,"d":"7.69E-05"},36.29774439,2,1,true]
["rs12412214","A","G","A","G",-0.0245174,-0.0026,0.279765,0.348756,false,false,false,"ebi-a-GCST90018840",10,101276256,0.0178,458310,0.8824,"Epilepsy || id:ebi-a-GCST90018840","Epilepsy","Epilepsy ||  || ",true,"igd",{"v":3.4e-28,"d":"3.40E-28"},472174,"ieu-b-4879","telomere length || id:ieu-b-4879",true,"reported","igd",0.00024224,114.4068084,2,1,true]
["rs12451892","C","T","C","T",-0.0116145,0.0114,0.380511,0.461068,false,false,false,"ebi-a-GCST90018840",17,2247982,0.0177,458310,0.5214,"Epilepsy || id:ebi-a-GCST90018840","Epilepsy","Epilepsy ||  || ",true,"igd",{"v":2.2e-08,"d":"2.20E-08"},472174,"ieu-b-4879","telomere length || id:ieu-b-4879",true,"reported","igd",{"v":6.36e-05,"d":"6.36E-05"},30.03030186,2,1,true]
["rs1291143","C","A","C","A",0.0493145,{"v":-0.0009,"d":"-9.00E-04"},0.849026,0.764203,false,false,false,"ebi-a-GCST90018840",20,35525640,0.0198,458310,0.9637,"Epilepsy || id:ebi-a-GCST90018840","Epilepsy","Epilepsy ||  || ",true,"igd",{"v":1.8e-69,"d":"1.80E-69"},472174,"ieu-b-4879","telomere length || id:ieu-b-4879",true,"reported","igd",0.000623451,294.5598101,2,1,true]
["rs12925933","C","A","C","A",-0.0146622,{"v":-0.0002,"d":"-2.00E-04"},0.66221,0.643133,false,false,false,"ebi-a-GCST90018840",16,90141355,0.022,458310,0.9944,"Epilepsy || id:ebi-a-GCST90018840","Epilepsy","Epilepsy ||  || ",true,"igd",{"v":7e-12,"d":"7.00E-12"},472174,"ieu-b-4879","telomere length || id:ieu-b-4879",true,"reported","igd",{"v":9.62e-05,"d":"9.62E-05"},45.4164096,2,1,true]
["rs12932179","G","A","G","A",-0.0136257,0.0029,0.561399,0.585392,false,false,false,"ebi-a-GCST90018840",16,9072085,0.0179,458310,0.8725,"Epilepsy || id:ebi-a-GCST90018840","Epilepsy","Epilepsy ||  || ",true,"igd",{"v":1.8e-11,"d":"1.80E-11"},472174,"ieu-b-4879","telomere length || id:ieu-b-4879",true,"reported","igd",{"v":9.14e-05,"d":"9.14E-05"},43.17465068,2,1,true]
["rs13062095","C","T","C","T",0.0138552,0.0084,0.327843,0.300612,false,false,false,"ebi-a-GCST90018840",3,101267385,0.0193,458310,0.665001,"Epilepsy || id:ebi-a-GCST90018840","Epilepsy","Epilepsy ||  || ",true,"igd",{"v":9.7e-11,"d":"9.70E-11"},472174,"ieu-b-4879","telomere length || id:ieu-b-4879",true,"reported","igd",{"v":8.46e-05,"d":"8.46E-05"},39.95114305,2,1,true]
["rs13230646","C","T","C","T",-0.0173277,0.0209,0.248945,0.200953,false,false,false,"ebi-a-GCST90018840",7,23930316,0.0237,458310,0.3779,"Epilepsy || id:ebi-a-GCST90018840","Epilepsy","Epilepsy ||  || ",true,"igd",{"v":8.9e-14,"d":"8.90E-14"},472174,"ieu-b-4879","telomere length || id:ieu-b-4879",true,"reported","igd",0.000112276,53.01954289,2,1,true]
["rs1332941","G","A","G","A",0.0256552,0.0235,0.820466,0.69353,false,false,false,"ebi-a-GCST90018840",13,41695100,0.0203,458310,0.246,"Epilepsy || id:ebi-a-GCST90018840","Epilepsy","Epilepsy ||  || ",true,"igd",{"v":5.9e-21,"d":"5.90E-21"},472174,"ieu-b-4879","telomere length || id:ieu-b-4879",true,"reported","igd",0.000193905,91.57407703,2,1,true]
["rs137901416","A","G","A","G",0.04572,-0.0037,0.100311,0.10532,false,false,false,"ebi-a-GCST90018840",14,73418095,0.0295,458310,0.8997,"Epilepsy || id:ebi-a-GCST90018840","Epilepsy","Epilepsy ||  || ",true,"igd",{"v":4.7e-43,"d":"4.70E-43"},472174,"ieu-b-4879","telomere length || id:ieu-b-4879",true,"reported","igd",0.000377297,178.2163432,2,1,true]
["rs139669835","T","C","T","C",-0.0612563,-0.1282,0.009365,0.00684179,false,false,false,"ebi-a-GCST90018840",18,729871,0.2048,458310,0.5313,"Epilepsy || id:ebi-a-GCST90018840","Epilepsy","Epilepsy ||  || ",true,"igd",{"v":6.1e-09,"d":"6.10E-09"},472174,"ieu-b-4879","telomere length || id:ieu-b-4879",true,"reported","igd",{"v":6.96e-05,"d":"6.96E-05"},32.87633786,2,1,true]
["rs139795227","C","A","C","A",0.0599379,0.1131,0.014021,0.0183233,false,false,false,"ebi-a-GCST90018840",1,92842367,0.0688,458310,0.1003,"Epilepsy || id:ebi-a-GCST90018840","Epilepsy","Epilepsy ||  || ",true,"igd",{"v":6.7e-12,"d":"6.70E-12"},472174,"ieu-b-4879","telomere length || id:ieu-b-4879",true,"reported","igd",{"v":9.93e-05,"d":"9.93E-05"},46.90542399,2,1,true]
["rs142426306","T","C","T","C",-0.0504903,-0.0772,0.039544,0.0407735,false,false,false,"ebi-a-GCST90018840",20,62488152,0.057,458310,0.1759,"Epilepsy || id:ebi-a-GCST90018840","Epilepsy","Epilepsy ||  || ",true,"igd",{"v":8.7e-21,"d":"8.70E-21"},472174,"ieu-b-4879","telomere length || id:ieu-b-4879",true,"reported","igd",0.000193644,91.45096777,2,1,true]
["rs143190905","T","G","T","G",-0.0723995,0.0467,0.080404,0.0635991,false,false,false,"ebi-a-GCST90018840",20,62291767,0.0374,458310,0.2118,"Epilepsy || id:ebi-a-GCST90018840","Epilepsy","Epilepsy ||  || ",true,"igd",{"v":1.6e-85,"d":"1.60E-85"},472174,"ieu-b-4879","telomere length || id:ieu-b-4879",true,"reported","igd",0.000775132,366.2797034,2,1,true]
["rs144204502","T","C","T","C",-0.100574,0.0168,0.012562,0.0187594,false,false,false,"ebi-a-GCST90018840",17,76183233,0.0611,458310,0.7833,"Epilepsy || id:ebi-a-GCST90018840","Epilepsy","Epilepsy ||  || ",true,"igd",{"v":3.4e-28,"d":"3.40E-28"},472174,"ieu-b-4879","telomere length || id:ieu-b-4879",true,"reported","igd",0.00025094,118.5166296,2,1,true]
["rs145114957","G","C","G","C",0.0272605,-0.0889,0.042648,0.0283553,false,true,false,"ebi-a-GCST90018840",1,94322469,0.0547,458310,0.1041,"Epilepsy || id:ebi-a-GCST90018840","Epilepsy","Epilepsy ||  || ",true,"igd",{"v":4.6e-08,"d":"4.60E-08"},472174,"ieu-b-4879","telomere length || id:ieu-b-4879",true,"reported","igd",{"v":6.07e-05,"d":"6.07E-05"},28.65461207,2,1,true]
["rs150150565","T","C","T","C",0.063762,0.0698,0.021455,0.0214515,false,false,false,"ebi-a-GCST90018840",18,708207,0.0795,458310,0.3801,"Epilepsy || id:ebi-a-GCST90018840","Epilepsy","Epilepsy ||  || ",true,"igd",{"v":6.8e-18,"d":"6.80E-18"},472174,"ieu-b-4879","telomere length || id:ieu-b-4879",true,"reported","igd",0.000170712,80.61902727,2,1,true]
["rs16978028","T","A","T","A",-0.029945,0.0217,0.143727,0.133326,false,true,false,"ebi-a-GCST90018840",18,42070981,0.0274,458310,0.4281,"Epilepsy || id:ebi-a-GCST90018840","Epilepsy","Epilepsy ||  || ",true,"igd",{"v":8.2e-26,"d":"8.20E-26"},472174,"ieu-b-4879","telomere length || id:ieu-b-4879",true,"reported","igd",0.000220714,104.2378239,2,1,true]
["rs17445108","A","G","A","G",-0.0168922,0.0023,0.12695,0.131706,false,false,false,"ebi-a-GCST90018840",12,57082058,0.0327,458310,0.943,"Epilepsy || id:ebi-a-GCST90018840","Epilepsy","Epilepsy ||  || ",true,"igd",{"v":2e-08,"d":"2.00E-08"},472174,"ieu-b-4879","telomere length || id:ieu-b-4879",true,"reported","igd",{"v":6.33e-05,"d":"6.33E-05"},29.86771149,2,1,true]
["rs17677991","G","C","G","C",0.0222664,0.0364,0.342123,0.305638,false,true,false,"ebi-a-GCST90018840",15,42032383,0.0193,458310,0.0595306,"Epilepsy || id:ebi-a-GCST90018840","Epilepsy","Epilepsy ||  || ",true,"igd",{"v":4.4e-26,"d":"4.40E-26"},472174,"ieu-b-4879","telomere length || id:ieu-b-4879",true,"reported","igd",0.000223181,105.403286,2,1,true]
["rs17803849","T","C","T","C",0.0273203,0.0077,0.405161,0.424736,false,false,false,"ebi-a-GCST90018840",2,210673445,0.0246,458310,0.753101,"Epilepsy || id:ebi-a-GCST90018840","Epilepsy","Epilepsy ||  || ",true,"igd",{"v":4.2e-41,"d":"4.20E-41"},472174,"ieu-b-4879","telomere length || id:ieu-b-4879",true,"reported","igd",0.000359773,169.9356503,2,1,true]
["rs182059586","C","T","C","T",-0.0571159,-0.2169,0.02511,0.0214351,false,false,false,"ebi-a-GCST90018840",16,14652220,0.108,458310,0.0445502,"Epilepsy || id:ebi-a-GCST90018840","Epilepsy","Epilepsy ||  || ",true,"igd",{"v":4.9e-17,"d":"4.90E-17"},472174,"ieu-b-4879","telomere length || id:ieu-b-4879",true,"reported","igd",0.000159715,75.42511339,2,1,true]
["rs185174247","A","G","A","G",0.0372806,0.0437,0.05609,0.0478765,false,false,false,"ebi-a-GCST90018840",5,138914024,0.0593,458310,0.4614,"Epilepsy || id:ebi-a-GCST90018840","Epilepsy","Epilepsy ||  || ",true,"igd",{"v":1.1e-17,"d":"1.10E-17"},472174,"ieu-b-4879","telomere length || id:ieu-b-4879",true,"reported","igd",0.000147167,69.49858428,2,1,true]
["rs188918174","T","C","T","C",0.0403062,0.0549,0.036106,0.0409357,false,false,false,"ebi-a-GCST90018840",2,54473646,0.0522,458310,0.2924,"Epilepsy || id:ebi-a-GCST90018840","Epilepsy","Epilepsy ||  || ",true,"igd",{"v":1.2e-13,"d":"1.20E-13"},472174,"ieu-b-4879","telomere length || id:ieu-b-4879",true,"reported","igd",0.000113079,53.39882533,2,1,true]
["rs1907702","A","G","A","G",0.0150247,0.014,0.766771,0.714986,false,false,false,"ebi-a-GCST90018840",12,88955469,0.0198,458310,0.4786,"Epilepsy || id:ebi-a-GCST90018840","Epilepsy","Epilepsy ||  || ",true,"igd",{"v":5.9e-10,"d":"5.90E-10"},472174,"ieu-b-4879","telomere length || id:ieu-b-4879",true,"reported","igd",{"v":8.07e-05,"d":"8.07E-05"},38.12634201,2,1,true]
["rs1957937","T","A","T","A",0.0209365,-0.0069,0.16018,0.132187,false,true,false,"ebi-a-GCST90018840",14,96181360,0.0258,458310,0.7886,"Epilepsy || id:ebi-a-GCST90018840","Epilepsy","Epilepsy ||  || ",true,"igd",{"v":1.9e-14,"d":"1.90E-14"},472174,"ieu-b-4879","telomere length || id:ieu-b-4879",true,"reported","igd",0.000117932,55.69088391,2,1,true]
["rs1985369","G","A","G","A",-0.0311893,0.0071,0.868178,0.839069,false,false,false,"ebi-a-GCST90018840",7,159119220,0.0238,458310,0.7663,"Epilepsy || id:ebi-a-GCST90018840","Epilepsy","Epilepsy ||  || ",true,"igd",{"v":3.6e-25,"d":"3.60E-25"},472174,"ieu-b-4879","telomere length || id:ieu-b-4879",true,"reported","igd",0.000222658,105.1561951,2,1,true]
["rs2056726","A","G","A","G",-0.0228078,0.0256,0.214376,0.175451,false,false,false,"ebi-a-GCST90018840",7,99780283,0.0238,458310,0.2817,"Epilepsy || id:ebi-a-GCST90018840","Epilepsy","Epilepsy ||  || ",true,"igd",{"v":7.9e-21,"d":"7.90E-21"},472174,"ieu-b-4879","telomere length || id:ieu-b-4879",true,"reported","igd",0.000175222,82.74924258,2,1,true]
["rs2230590","C","T","C","T",-0.0158022,0.0056,0.510897,0.396162,false,false,false,"ebi-a-GCST90018840",3,49936102,0.0192,458310,0.770501,"Epilepsy || id:ebi-a-GCST90018840","Epilepsy","Epilepsy ||  || ",true,"igd",{"v":3.6e-15,"d":"3.60E-15"},472174,"ieu-b-4879","telomere length || id:ieu-b-4879",true,"reported","igd",0.000124795,58.93227599,2,1,true]
["rs2282764","G","A","G","A",-0.0224234,0.0049,0.142384,0.196701,false,false,false,"ebi-a-GCST90018840",4,2255063,0.0217,458310,0.8205,"Epilepsy || id:ebi-a-GCST90018840","Epilepsy","Epilepsy ||  || ",true,"igd",{"v":9.3e-15,"d":"9.30E-15"},472174,"ieu-b-4879","telomere length || id:ieu-b-4879",true,"reported","igd",0.000122797,57.98832324,2,1,true]
["rs2293579","A","G","A","G",-0.012915,-0.0302,0.386274,0.335684,false,false,false,"ebi-a-GCST90018840",11,47440758,0.0194,458310,0.1201,"Epilepsy || id:ebi-a-GCST90018840","Epilepsy","Epilepsy ||  || ",true,"igd",{"v":3.3e-10,"d":"3.30E-10"},472174,"ieu-b-4879","telomere length || id:ieu-b-4879",true,"reported","igd",{"v":7.91e-05,"d":"7.91E-05"},37.34421997,2,1,true]
["rs2555104","C","A","C","A",-0.0139717,0.0126,0.434255,0.351694,false,false,false,"ebi-a-GCST90018840",2,17841243,0.0196,458310,0.5187,"Epilepsy || id:ebi-a-GCST90018840","Epilepsy","Epilepsy ||  || ",true,"igd",{"v":6.6e-12,"d":"6.60E-12"},472174,"ieu-b-4879","telomere length || id:ieu-b-4879",true,"reported","igd",{"v":9.59e-05,"d":"9.59E-05"},45.29350601,2,1,true]
["rs2763979","T","C","T","C",-0.0277713,-0.0116,0.359721,0.365936,false,false,false,"ebi-a-GCST90018840",6,31794592,0.018,458310,0.5188,"Epilepsy || id:ebi-a-GCST90018840","Epilepsy","Epilepsy ||  || ",true,"igd",{"v":1.3e-40,"d":"1.30E-40"},472174,"ieu-b-4879","telomere length || id:ieu-b-4879",true,"reported","igd",0.000355269,167.8077499,2,1,true]
["rs28363070","A","G","A","G",0.0755557,0.1321,0.013389,0.0110027,false,false,false,"ebi-a-GCST90018840",5,1415068,0.172,458310,0.4427,"Epilepsy || id:ebi-a-GCST90018840","Epilepsy","Epilepsy ||  || ",true,"igd",{"v":3.5e-15,"d":"3.50E-15"},472174,"ieu-b-4879","telomere length || id:ieu-b-4879",true,"reported","igd",0.00015082,71.22366085,2,1,true]
["rs28502153","A","C","A","C",-0.0215916,0.0382,0.377958,0.390755,false,false,false,"ebi-a-GCST90018840",22,17469049,0.0177,458310,0.0313199,"Epilepsy || id:ebi-a-GCST90018840","Epilepsy","Epilepsy ||  || ",true,"igd",{"v":1.2e-25,"d":"1.20E-25"},472174,"ieu-b-4879","telomere length || id:ieu-b-4879",true,"reported","igd",0.000219211,103.5281233,2,1,true]
["rs28577594","C","G","C","G",0.0187657,{"v":0.0004,"d":"4.00E-04"},0.709829,0.725852,false,true,false,"ebi-a-GCST90018840",12,123895906,0.0194,458310,0.985,"Epilepsy || id:ebi-a-GCST90018840","Epilepsy","Epilepsy ||  || ",true,"igd",{"v":5.4e-17,"d":"5.40E-17"},472174,"ieu-b-4879","telomere length || id:ieu-b-4879",true,"reported","igd",0.000145067,68.50630041,2,1,true]
["rs2967355","C","A","C","A",-0.0461595,0.0051,0.774276,0.807922,false,false,false,"ebi-a-GCST90018840",16,82200103,0.0233,458310,0.8278,"Epilepsy || id:ebi-a-GCST90018840","Epilepsy","Epilepsy ||  || ",true,"igd",{"v":4e-83,"d":"4.00E-83"},472174,"ieu-b-4879","telomere length || id:ieu-b-4879",true,"reported","igd",0.000744776,351.9245186,2,1,true]
["rs2977608","C","A","C","A",0.0129483,-0.0215,0.743949,0.744959,false,false,false,"ebi-a-GCST90018840",1,768253,0.0239,458310,0.3691,"Epilepsy || id:ebi-a-GCST90018840","Epilepsy","Epilepsy ||  || ",true,"igd",{"v":3e-08,"d":"3.00E-08"},472174,"ieu-b-4879","telomere length || id:ieu-b-4879",true,"reported","igd",{"v":6.39e-05,"d":"6.39E-05"},30.16151229,2,1,true]
["rs3093888","A","G","A","G",-0.028973,-0.0208,0.05131,0.0635602,false,false,false,"ebi-a-GCST90018840",14,20812951,0.0325,458310,0.5226,"Epilepsy || id:ebi-a-GCST90018840","Epilepsy","Epilepsy ||  || ",true,"igd",{"v":1.5e-10,"d":"1.50E-10"},472174,"ieu-b-4879","telomere length || id:ieu-b-4879",true,"reported","igd",{"v":8.17e-05,"d":"8.17E-05"},38.59037411,2,1,true]
["rs35446936","A","G","A","G",-0.0940025,-0.0177,0.243674,0.361369,false,false,false,"ebi-a-GCST90018840",3,169486508,0.019,458310,0.3525,"Epilepsy || id:ebi-a-GCST90018840","Epilepsy","Epilepsy ||  || ",true,"igd",{"v":1e-200,"d":"1.00E-200"},472174,"ieu-b-4879","telomere length || id:ieu-b-4879",true,"reported","igd",0.00325707,1542.922427,2,1,true]
["rs35640778","A","G","A","G",-0.209011,0.014,0.020757,0.0197234,false,false,false,"ebi-a-GCST90018840",20,62321128,0.088,458310,0.8733,"Epilepsy || id:ebi-a-GCST90018840","Epilepsy","Epilepsy ||  || ",true,"igd",{"v":9.59e-195,"d":"9.59E-195"},472174,"ieu-b-4879","telomere length || id:ieu-b-4879",true,"reported","igd",0.00177592,840.03142,2,1,true]
["rs3767952","A","G","A","G",0.0134472,0.0213,0.226709,0.27182,false,false,false,"ebi-a-GCST90018840",1,41231032,0.0194,458310,0.2727,"Epilepsy || id:ebi-a-GCST90018840","Epilepsy","Epilepsy ||  || ",true,"igd",{"v":1.8e-08,"d":"1.80E-08"},472174,"ieu-b-4879","telomere length || id:ieu-b-4879",true,"reported","igd",{"v":6.34e-05,"d":"6.34E-05"},29.9387185,2,1,true]
["rs3785074","G","A","G","A",0.023863,-0.0247,0.289672,0.229219,false,false,false,"ebi-a-GCST90018840",16,69406986,0.0223,458310,0.2675,"Epilepsy || id:ebi-a-GCST90018840","Epilepsy","Epilepsy ||  || ",true,"igd",{"v":2.6e-27,"d":"2.60E-27"},472174,"ieu-b-4879","telomere length || id:ieu-b-4879",true,"reported","igd",0.00023434,110.6744938,2,1,true]
["rs3891167","G","A","G","A",-0.0425685,0.0071,0.253435,0.206764,false,false,false,"ebi-a-GCST90018840",18,658423,0.0231,458310,0.7587,"Epilepsy || id:ebi-a-GCST90018840","Epilepsy","Epilepsy ||  || ",true,"igd",{"v":1.2e-70,"d":"1.20E-70"},472174,"ieu-b-4879","telomere length || id:ieu-b-4879",true,"reported","igd",0.000685711,323.9955457,2,1,true]
["rs41269079","A","T","A","T",0.0153617,-0.0132,0.188991,0.195432,false,true,false,"ebi-a-GCST90018840",1,45252015,0.0216,458310,0.540201,"Epilepsy || id:ebi-a-GCST90018840","Epilepsy","Epilepsy ||  || ",true,"igd",{"v":1.7e-09,"d":"1.70E-09"},472174,"ieu-b-4879","telomere length || id:ieu-b-4879",true,"reported","igd",{"v":7.23e-05,"d":"7.23E-05"},34.15914555,2,1,true]
["rs41304832","A","G","A","G",0.0611702,-0.0755,0.012378,0.0176835,false,false,false,"ebi-a-GCST90018840",20,62375508,0.0614,458310,0.2187,"Epilepsy || id:ebi-a-GCST90018840","Epilepsy","Epilepsy ||  || ",true,"igd",{"v":5e-11,"d":"5.00E-11"},472174,"ieu-b-4879","telomere length || id:ieu-b-4879",true,"reported","igd",{"v":9.15e-05,"d":"9.15E-05"},43.20072085,2,1,true]
["rs429358","C","T","C","T",0.0173498,0.0367,0.153969,0.145668,false,false,false,"ebi-a-GCST90018840",19,45411941,0.0245,458310,0.1345,"Epilepsy || id:ebi-a-GCST90018840","Epilepsy","Epilepsy ||  || ",true,"igd",{"v":3.8e-10,"d":"3.80E-10"},472174,"ieu-b-4879","telomere length || id:ieu-b-4879",true,"reported","igd",{"v":7.84e-05,"d":"7.84E-05"},37.03162725,2,1,true]
["rs4498805","T","G","T","G",0.0150601,0.0026,0.546632,0.537963,false,false,false,"ebi-a-GCST90018840",1,110910397,0.0174,458310,0.8822,"Epilepsy || id:ebi-a-GCST90018840","Epilepsy","Epilepsy ||  || ",true,"igd",{"v":5.7e-14,"d":"5.70E-14"},472174,"ieu-b-4879","telomere length || id:ieu-b-4879",true,"reported","igd",0.000112417,53.08608233,2,1,true]
["rs450962","G","A","G","A",0.0142833,-0.0665,0.283779,0.0999712,false,false,false,"ebi-a-GCST90018840",16,28413517,0.0546,458310,0.2231,"Epilepsy || id:ebi-a-GCST90018840","Epilepsy","Epilepsy ||  || ",true,"igd",{"v":5.9e-09,"d":"5.90E-09"},472174,"ieu-b-4879","telomere length || id:ieu-b-4879",true,"reported","igd",{"v":8.29e-05,"d":"8.29E-05"},39.16071961,2,1,true]
["rs4530278","T","G","T","G",0.0138793,-0.0072,0.59815,0.561138,false,false,false,"ebi-a-GCST90018840",19,33752994,0.0178,458310,0.6867,"Epilepsy || id:ebi-a-GCST90018840","Epilepsy","Epilepsy ||  || ",true,"igd",{"v":1.5e-11,"d":"1.50E-11"},472174,"ieu-b-4879","telomere length || id:ieu-b-4879",true,"reported","igd",{"v":9.26e-05,"d":"9.26E-05"},43.73001753,2,1,true]
["rs45604339","T","C","T","C",-0.020433,-0.0069,0.34242,0.32801,false,false,false,"ebi-a-GCST90018840",14,65543102,0.0186,458310,0.7099,"Epilepsy || id:ebi-a-GCST90018840","Epilepsy","Epilepsy ||  || ",true,"igd",{"v":4.3e-22,"d":"4.30E-22"},472174,"ieu-b-4879","telomere length || id:ieu-b-4879",true,"reported","igd",0.000188019,88.79405252,2,1,true]
["rs4616688","T","G","T","G",-0.0173476,0.0087,0.525394,0.466871,false,false,false,"ebi-a-GCST90018840",3,160042459,0.0184,458310,0.6369,"Epilepsy || id:ebi-a-GCST90018840","Epilepsy","Epilepsy ||  || ",true,"igd",{"v":4.5e-18,"d":"4.50E-18"},472174,"ieu-b-4879","telomere length || id:ieu-b-4879",true,"reported","igd",0.000150081,70.87491356,2,1,true]
["rs4695407","G","A","G","A",0.0141511,-0.0119,0.507843,0.465318,false,false,false,"ebi-a-GCST90018840",4,48843372,0.0175,458310,0.4953,"Epilepsy || id:ebi-a-GCST90018840","Epilepsy","Epilepsy ||  || ",true,"igd",{"v":1.5e-12,"d":"1.50E-12"},472174,"ieu-b-4879","telomere length || id:ieu-b-4879",true,"reported","igd",0.000100102,47.27017807,2,1,true]
["rs4724","A","G","A","G",-0.0547446,-0.0121,0.116598,0.161143,false,false,false,"ebi-a-GCST90018840",17,7760397,0.0234,458310,0.6056,"Epilepsy || id:ebi-a-GCST90018840","Epilepsy","Epilepsy ||  || ",true,"igd",{"v":9.8e-69,"d":"9.80E-69"},472174,"ieu-b-4879","telomere length || id:ieu-b-4879",true,"reported","igd",0.000617393,291.6960121,2,1,true]
["rs4731541","G","C","G","C",-0.0206119,0.0153,0.624901,0.583925,false,true,false,"ebi-a-GCST90018840",7,128678236,0.0177,458310,0.387,"Epilepsy || id:ebi-a-GCST90018840","Epilepsy","Epilepsy ||  || ",true,"igd",{"v":1.4e-23,"d":"1.40E-23"},472174,"ieu-b-4879","telomere length || id:ieu-b-4879",true,"reported","igd",0.00019917,94.06106935,2,1,true]
["rs4743037","T","C","T","C",0.0147971,-0.0435,0.230874,0.233505,false,false,false,"ebi-a-GCST90018840",9,109639970,0.0205,458310,0.0336798,"Epilepsy || id:ebi-a-GCST90018840","Epilepsy","Epilepsy ||  || ",true,"igd",{"v":5.1e-10,"d":"5.10E-10"},472174,"ieu-b-4879","telomere length || id:ieu-b-4879",true,"reported","igd",{"v":7.78e-05,"d":"7.78E-05"},36.71890614,2,1,true]
["rs55747751","A","G","A","G",-0.0211612,0.0119,0.077375,0.0748137,false,false,false,"ebi-a-GCST90018840",5,132397351,0.0456,458310,0.7942,"Epilepsy || id:ebi-a-GCST90018840","Epilepsy","Epilepsy ||  || ",true,"igd",{"v":1.7e-08,"d":"1.70E-08"},472174,"ieu-b-4879","telomere length || id:ieu-b-4879",true,"reported","igd",{"v":6.39e-05,"d":"6.39E-05"},30.19009341,2,1,true]
["rs56061761","A","G","A","G",-0.0203556,0.0073,0.332642,0.337739,false,false,false,"ebi-a-GCST90018840",16,70187811,0.051,458310,0.8863,"Epilepsy || id:ebi-a-GCST90018840","Epilepsy","Epilepsy ||  || ",true,"igd",{"v":6.9e-20,"d":"6.90E-20"},472174,"ieu-b-4879","telomere length || id:ieu-b-4879",true,"reported","igd",0.000183964,86.87881683,2,1,true]
["rs56799554","G","A","G","A",-0.0259793,-0.0123,0.170183,0.202101,false,false,false,"ebi-a-GCST90018840",17,41456413,0.0209,458310,0.554201,"Epilepsy || id:ebi-a-GCST90018840","Epilepsy","Epilepsy ||  || ",true,"igd",{"v":3e-22,"d":"3.00E-22"},472174,"ieu-b-4879","telomere length || id:ieu-b-4879",true,"reported","igd",0.000190627,90.02568079,2,1,true]
["rs5742915","C","T","C","T",0.0193377,0.0057,0.445829,0.323687,false,false,false,"ebi-a-GCST90018840",15,74336633,0.0218,458310,0.7951,"Epilepsy || id:ebi-a-GCST90018840","Epilepsy","Epilepsy ||  || ",true,"igd",{"v":1.6e-21,"d":"1.60E-21"},472174,"ieu-b-4879","telomere length || id:ieu-b-4879",true,"reported","igd",0.000184779,87.26341964,2,1,true]
["rs59409453","G","A","G","A",0.0202133,-0.0212,0.730602,0.742525,false,false,false,"ebi-a-GCST90018840",17,1666218,0.0206,458310,0.3034,"Epilepsy || id:ebi-a-GCST90018840","Epilepsy","Epilepsy ||  || ",true,"igd",{"v":1.6e-18,"d":"1.60E-18"},472174,"ieu-b-4879","telomere length || id:ieu-b-4879",true,"reported","igd",0.000160835,75.9538422,2,1,true]
["rs6007020","C","T","C","T",0.0144904,0.0096,0.367823,0.380372,false,false,false,"ebi-a-GCST90018840",22,45790132,0.0178,458310,0.5888,"Epilepsy || id:ebi-a-GCST90018840","Epilepsy","Epilepsy ||  || ",true,"igd",{"v":4.8e-12,"d":"4.80E-12"},472174,"ieu-b-4879","telomere length || id:ieu-b-4879",true,"reported","igd",{"v":9.76e-05,"d":"9.76E-05"},46.1116813,2,1,true]
["rs6054257","A","G","A","G",-0.0141684,0.0034,0.793522,0.728409,false,false,false,"ebi-a-GCST90018840",20,66370,0.0199,458310,0.8634,"Epilepsy || id:ebi-a-GCST90018840","Epilepsy","Epilepsy ||  || ",true,"igd",{"v":1.1e-08,"d":"1.10E-08"},472174,"ieu-b-4879","telomere length || id:ieu-b-4879",true,"reported","igd",{"v":6.58e-05,"d":"6.58E-05"},31.06226855,2,1,true]
["rs611646","A","T","A","T",-0.0368309,0.0037,0.408685,0.411624,false,true,false,"ebi-a-GCST90018840",11,108177097,0.0176,458310,0.8349,"Epilepsy || id:ebi-a-GCST90018840","Epilepsy","Epilepsy ||  || ",true,"igd",{"v":3.5e-73,"d":"3.50E-73"},472174,"ieu-b-4879","telomere length || id:ieu-b-4879",true,"reported","igd",0.000655635,309.7756766,2,1,true]
["rs61405042","T","C","T","C",-0.0501874,-0.0075,0.029288,0.01763,false,false,false,"ebi-a-GCST90018840",7,67200,0.1106,458310,0.9459,"Epilepsy || id:ebi-a-GCST90018840","Epilepsy","Epilepsy ||  || ",true,"igd",{"v":8.5e-17,"d":"8.50E-17"},472174,"ieu-b-4879","telomere length || id:ieu-b-4879",true,"reported","igd",0.000143219,67.63351171,2,1,true]
["rs61748181","T","C","T","C",-0.059181,0.0833,0.028928,0.0362214,false,false,false,"ebi-a-GCST90018840",5,1294166,0.0498,458310,0.0947807,"Epilepsy || id:ebi-a-GCST90018840","Epilepsy","Epilepsy ||  || ",true,"igd",{"v":2.8e-23,"d":"2.80E-23"},472174,"ieu-b-4879","telomere length || id:ieu-b-4879",true,"reported","igd",0.000196773,92.92875743,2,1,true]
["rs6536702","A","G","A","G",0.0534148,-0.0405,0.774647,0.801424,false,false,false,"ebi-a-GCST90018840",4,164028105,0.0227,458310,0.0748307,"Epilepsy || id:ebi-a-GCST90018840","Epilepsy","Epilepsy ||  || ",true,"igd",{"v":9.4e-111,"d":"9.40E-111"},472174,"ieu-b-4879","telomere length || id:ieu-b-4879",true,"reported","igd",0.00099614,470.8184352,2,1,true]
["rs6584579","G","A","G","A",0.0114923,0.0276,0.398876,0.450706,false,false,false,"ebi-a-GCST90018840",10,105645725,0.0183,458310,0.1309,"Epilepsy || id:ebi-a-GCST90018840","Epilepsy","Epilepsy ||  || ",true,"igd",{"v":2e-08,"d":"2.00E-08"},472174,"ieu-b-4879","telomere length || id:ieu-b-4879",true,"reported","igd",{"v":6.33e-05,"d":"6.33E-05"},29.90705263,2,1,true]
["rs6587577","G","A","G","A",-0.0182148,0.0037,0.826346,0.796706,false,false,false,"ebi-a-GCST90018840",1,151402045,0.0216,458310,0.865,"Epilepsy || id:ebi-a-GCST90018840","Epilepsy","Epilepsy ||  || ",true,"igd",{"v":4.8e-12,"d":"4.80E-12"},472174,"ieu-b-4879","telomere length || id:ieu-b-4879",true,"reported","igd",{"v":9.52e-05,"d":"9.52E-05"},44.9642253,2,1,true]
["rs6590343","G","A","G","A",0.0121739,-0.0125,0.516385,0.613671,false,false,false,"ebi-a-GCST90018840",11,128500215,0.0295,458310,0.671399,"Epilepsy || id:ebi-a-GCST90018840","Epilepsy","Epilepsy ||  || ",true,"igd",{"v":1.5e-09,"d":"1.50E-09"},472174,"ieu-b-4879","telomere length || id:ieu-b-4879",true,"reported","igd",{"v":7.4e-05,"d":"7.40E-05"},34.95386584,2,1,true]
["rs6659669","T","C","T","C",-0.0117091,0.0218,0.605095,0.529446,false,false,false,"ebi-a-GCST90018840",1,185315067,0.0177,458310,0.2178,"Epilepsy || id:ebi-a-GCST90018840","Epilepsy","Epilepsy ||  || ",true,"igd",{"v":1.1e-08,"d":"1.10E-08"},472174,"ieu-b-4879","telomere length || id:ieu-b-4879",true,"reported","igd",{"v":6.55e-05,"d":"6.55E-05"},30.94011399,2,1,true]
["rs6669563","A","G","A","G",0.0182358,-0.0236,0.437768,0.43684,false,false,false,"ebi-a-GCST90018840",1,32279629,0.0176,458310,0.1798,"Epilepsy || id:ebi-a-GCST90018840","Epilepsy","Epilepsy ||  || ",true,"igd",{"v":2.1e-19,"d":"2.10E-19"},472174,"ieu-b-4879","telomere length || id:ieu-b-4879",true,"reported","igd",0.000163696,77.30552557,2,1,true]
["rs66731853","A","G","A","G",-0.0177791,0.0187,0.317304,0.266762,false,false,false,"ebi-a-GCST90018840",1,20916238,0.0211,458310,0.3759,"Epilepsy || id:ebi-a-GCST90018840","Epilepsy","Epilepsy ||  || ",true,"igd",{"v":1.5e-16,"d":"1.50E-16"},472174,"ieu-b-4879","telomere length || id:ieu-b-4879",true,"reported","igd",0.000136947,64.67138401,2,1,true]
["rs6751209","C","T","C","T",-0.0140465,0.0093,0.204231,0.143905,false,false,false,"ebi-a-GCST90018840",2,43588302,0.0273,458310,0.733701,"Epilepsy || id:ebi-a-GCST90018840","Epilepsy","Epilepsy ||  || ",true,"igd",{"v":1.6e-08,"d":"1.60E-08"},472174,"ieu-b-4879","telomere length || id:ieu-b-4879",true,"reported","igd",{"v":6.41e-05,"d":"6.41E-05"},30.28328655,2,1,true]
["rs6776756","A","G","A","G",-0.0174439,0.008,0.597562,0.570764,false,false,false,"ebi-a-GCST90018840",3,128215821,0.0175,458310,0.6468,"Epilepsy || id:ebi-a-GCST90018840","Epilepsy","Epilepsy ||  || ",true,"igd",{"v":1.1e-17,"d":"1.10E-17"},472174,"ieu-b-4879","telomere length || id:ieu-b-4879",true,"reported","igd",0.000146352,69.11350541,2,1,true]
["rs6790988","G","A","G","A",0.0145728,-0.0133,0.741902,0.756422,false,false,false,"ebi-a-GCST90018840",3,170263320,0.0206,458310,0.517399,"Epilepsy || id:ebi-a-GCST90018840","Epilepsy","Epilepsy ||  || ",true,"igd",{"v":1.8e-10,"d":"1.80E-10"},472174,"ieu-b-4879","telomere length || id:ieu-b-4879",true,"reported","igd",{"v":8.13e-05,"d":"8.13E-05"},38.40455506,2,1,true]
["rs6881568","A","C","A","C",0.0169256,-0.0111,0.36258,0.286122,false,false,false,"ebi-a-GCST90018840",5,1670265,0.0207,458310,0.5914,"Epilepsy || id:ebi-a-GCST90018840","Epilepsy","Epilepsy ||  || ",true,"igd",{"v":3.7e-16,"d":"3.70E-16"},472174,"ieu-b-4879","telomere length || id:ieu-b-4879",true,"reported","igd",0.000132418,62.53244565,2,1,true]
["rs7099229","A","G","A","G",-0.0153288,0.0123,0.273301,0.265002,false,false,false,"ebi-a-GCST90018840",10,96134685,0.0207,458310,0.5516,"Epilepsy || id:ebi-a-GCST90018840","Epilepsy","Epilepsy ||  || ",true,"igd",{"v":8.4e-12,"d":"8.40E-12"},472174,"ieu-b-4879","telomere length || id:ieu-b-4879",true,"reported","igd",{"v":9.33e-05,"d":"9.33E-05"},44.07403995,2,1,true]
["rs7164950","G","A","G","A",0.0129362,0.0263,0.405979,0.431031,false,false,false,"ebi-a-GCST90018840",15,56775385,0.0175,458310,0.1325,"Epilepsy || id:ebi-a-GCST90018840","Epilepsy","Epilepsy ||  || ",true,"igd",{"v":2.3e-10,"d":"2.30E-10"},472174,"ieu-b-4879","telomere length || id:ieu-b-4879",true,"reported","igd",{"v":8.07e-05,"d":"8.07E-05"},38.11396152,2,1,true]
["rs7209057","A","G","A","G",0.011819,{"v":-0.0004,"d":"-4.00E-04"},0.561044,0.530027,false,false,false,"ebi-a-GCST90018840",17,65705530,0.0176,458310,0.9814,"Epilepsy || id:ebi-a-GCST90018840","Epilepsy","Epilepsy ||  || ",true,"igd",{"v":5.7e-09,"d":"5.70E-09"},472174,"ieu-b-4879","telomere length || id:ieu-b-4879",true,"reported","igd",{"v":6.88e-05,"d":"6.88E-05"},32.48923493,2,1,true]
["rs7221585","T","C","T","C",0.0143271,0.0149,0.22401,0.359164,false,false,false,"ebi-a-GCST90018840",17,76195153,0.0194,458310,0.4425,"Epilepsy || id:ebi-a-GCST90018840","Epilepsy","Epilepsy ||  || ",true,"igd",{"v":6.7e-09,"d":"6.70E-09"},472174,"ieu-b-4879","telomere length || id:ieu-b-4879",true,"reported","igd",{"v":7.14e-05,"d":"7.14E-05"},33.69778335,2,1,true]
["rs73581419","T","C","T","C",0.0229838,0.0266,0.106605,0.083204,false,false,false,"ebi-a-GCST90018840",14,21941148,0.0345,458310,0.4417,"Epilepsy || id:ebi-a-GCST90018840","Epilepsy","Epilepsy ||  || ",true,"igd",{"v":1.3e-12,"d":"1.30E-12"},472174,"ieu-b-4879","telomere length || id:ieu-b-4879",true,"reported","igd",0.000100622,47.51587018,2,1,true]
["rs73730598","A","G","A","G",0.0273632,0.0179,0.054793,0.0574756,false,false,false,"ebi-a-GCST90018840",5,77973,0.0443,458310,0.6856,"Epilepsy || id:ebi-a-GCST90018840","Epilepsy","Epilepsy ||  || ",true,"igd",{"v":4.7e-10,"d":"4.70E-10"},472174,"ieu-b-4879","telomere length || id:ieu-b-4879",true,"reported","igd",{"v":7.76e-05,"d":"7.76E-05"},36.62264329,2,1,true]
["rs75664430","G","C","G","C",-0.0235179,-0.0169,0.248028,0.177997,false,true,false,"ebi-a-GCST90018840",17,8064779,0.0259,458310,0.5145,"Epilepsy || id:ebi-a-GCST90018840","Epilepsy","Epilepsy ||  || ",true,"igd",{"v":3.6e-24,"d":"3.60E-24"},472174,"ieu-b-4879","telomere length || id:ieu-b-4879",true,"reported","igd",0.000206314,97.43596608,2,1,true]
["rs76065543","T","C","T","C",0.0342843,-0.0192,0.137527,0.120495,false,false,false,"ebi-a-GCST90018840",16,74678063,0.0267,458310,0.4705,"Epilepsy || id:ebi-a-GCST90018840","Epilepsy","Epilepsy ||  || ",true,"igd",{"v":4.2e-32,"d":"4.20E-32"},472174,"ieu-b-4879","telomere length || id:ieu-b-4879",true,"reported","igd",0.000278839,131.6968513,2,1,true]
["rs76219171","A","G","A","G",0.0359839,-0.0658,0.058433,0.0542961,false,false,false,"ebi-a-GCST90018840",16,50188929,0.0548,458310,0.2303,"Epilepsy || id:ebi-a-GCST90018840","Epilepsy","Epilepsy ||  || ",true,"igd",{"v":7.8e-17,"d":"7.80E-17"},472174,"ieu-b-4879","telomere length || id:ieu-b-4879",true,"reported","igd",0.000142481,67.28495767,2,1,true]
["rs762679","A","T","A","T",0.0310104,-0.0039,0.856501,0.84826,false,true,false,"ebi-a-GCST90018840",8,48885436,0.0295,458310,0.894,"Epilepsy || id:ebi-a-GCST90018840","Epilepsy","Epilepsy ||  || ",true,"igd",{"v":1.4e-27,"d":"1.40E-27"},472174,"ieu-b-4879","telomere length || id:ieu-b-4879",true,"reported","igd",0.000236386,111.6411712,2,1,true]
["rs76666449","C","T","C","T",0.0295125,0.0274,0.100625,0.0978971,false,false,false,"ebi-a-GCST90018840",12,120904895,0.0285,458310,0.335,"Epilepsy || id:ebi-a-GCST90018840","Epilepsy","Epilepsy ||  || ",true,"igd",{"v":8.2e-19,"d":"8.20E-19"},472174,"ieu-b-4879","telomere length || id:ieu-b-4879",true,"reported","igd",0.000157648,74.44874845,2,1,true]
["rs7705526","A","C","A","C",0.0776022,0.0191,0.326578,0.332387,false,false,false,"ebi-a-GCST90018840",5,1285974,0.0187,458310,0.3056,"Epilepsy || id:ebi-a-GCST90018840","Epilepsy","Epilepsy ||  || ",true,"igd",{"v":1e-200,"d":"1.00E-200"},472174,"ieu-b-4879","telomere length || id:ieu-b-4879",true,"reported","igd",0.002648819,1254.019851,2,1,true]
["rs77231040","C","G","C","G",0.0989303,-0.031,0.005742,0.0104359,false,true,false,"ebi-a-GCST90018840",10,106280527,0.0769,458310,0.687,"Epilepsy || id:ebi-a-GCST90018840","Epilepsy","Epilepsy ||  || ",true,"igd",{"v":2e-13,"d":"2.00E-13"},472174,"ieu-b-4879","telomere length || id:ieu-b-4879",true,"reported","igd",0.000111751,52.77153114,2,1,true]
["rs7772289","T","G","T","G",0.017549,-0.0158,0.503081,0.497492,false,false,false,"ebi-a-GCST90018840",6,28674322,0.0183,458310,0.3881,"Epilepsy || id:ebi-a-GCST90018840","Epilepsy","Epilepsy ||  || ",true,"igd",{"v":1.7e-18,"d":"1.70E-18"},472174,"ieu-b-4879","telomere length || id:ieu-b-4879",true,"reported","igd",0.000153978,72.71522767,2,1,true]
["rs77732866","A","G","A","G",0.0177942,-0.0124,0.137597,0.147044,false,false,false,"ebi-a-GCST90018840",2,58979879,0.0241,458310,0.6077,"Epilepsy || id:ebi-a-GCST90018840","Epilepsy","Epilepsy ||  || ",true,"igd",{"v":9.2e-10,"d":"9.20E-10"},472174,"ieu-b-4879","telomere length || id:ieu-b-4879",true,"reported","igd",{"v":7.51e-05,"d":"7.51E-05"},35.48452703,2,1,true]
["rs7790856","T","C","T","C",-0.0437199,-0.0366,0.289139,0.292192,false,false,false,"ebi-a-GCST90018840",7,124459852,0.0195,458310,0.0608303,"Epilepsy || id:ebi-a-GCST90018840","Epilepsy","Epilepsy ||  || ",true,"igd",{"v":1.8e-87,"d":"1.80E-87"},472174,"ieu-b-4879","telomere length || id:ieu-b-4879",true,"reported","igd",0.000785741,371.2968676,2,1,true]
["rs78491606","C","A","C","A",-0.0756311,-0.085,0.018433,0.0218165,false,false,false,"ebi-a-GCST90018840",3,72891547,0.0683,458310,0.2136,"Epilepsy || id:ebi-a-GCST90018840","Epilepsy","Epilepsy ||  || ",true,"igd",{"v":1.9e-24,"d":"1.90E-24"},472174,"ieu-b-4879","telomere length || id:ieu-b-4879",true,"reported","igd",0.000206989,97.75453964,2,1,true]
["rs80324517","A","G","A","G",0.0396515,-0.0246,0.048259,0.0527201,false,false,false,"ebi-a-GCST90018840",6,204031,0.0457,458310,0.59,"Epilepsy || id:ebi-a-GCST90018840","Epilepsy","Epilepsy ||  || ",true,"igd",{"v":1.8e-17,"d":"1.80E-17"},472174,"ieu-b-4879","telomere length || id:ieu-b-4879",true,"reported","igd",0.000144426,68.20391316,2,1,true]
["rs8102497","A","G","A","G",-0.0149654,-0.0071,0.431828,0.44873,false,false,false,"ebi-a-GCST90018840",19,57370055,0.0177,458310,0.6879,"Epilepsy || id:ebi-a-GCST90018840","Epilepsy","Epilepsy ||  || ",true,"igd",{"v":1.4e-13,"d":"1.40E-13"},472174,"ieu-b-4879","telomere length || id:ieu-b-4879",true,"reported","igd",0.0001099,51.89735711,2,1,true]
["rs8105767","G","A","G","A",0.0328384,0.0132,0.29467,0.312229,false,false,false,"ebi-a-GCST90018840",19,22215441,0.0185,458310,0.4743,"Epilepsy || id:ebi-a-GCST90018840","Epilepsy","Epilepsy ||  || ",true,"igd",{"v":2.5e-50,"d":"2.50E-50"},472174,"ieu-b-4879","telomere length || id:ieu-b-4879",true,"reported","igd",0.000448252,211.7469673,2,1,true]
["rs869785","C","T","C","T",-0.0147303,-0.028,0.672471,0.70219,false,false,false,"ebi-a-GCST90018840",3,24347800,0.0192,458310,0.1452,"Epilepsy || id:ebi-a-GCST90018840","Epilepsy","Epilepsy ||  || ",true,"igd",{"v":4.4e-12,"d":"4.40E-12"},472174,"ieu-b-4879","telomere length || id:ieu-b-4879",true,"reported","igd",{"v":9.56e-05,"d":"9.56E-05"},45.13549829,2,1,true]
["rs871134","T","C","T","C",-0.0182986,-0.0203,0.569032,0.547619,false,false,false,"ebi-a-GCST90018840",4,7044380,0.0175,458310,0.2441,"Epilepsy || id:ebi-a-GCST90018840","Epilepsy","Epilepsy ||  || ",true,"igd",{"v":1.7e-19,"d":"1.70E-19"},472174,"ieu-b-4879","telomere length || id:ieu-b-4879",true,"reported","igd",0.000164228,77.55664189,2,1,true]
["rs932002","T","C","T","C",-0.0402052,-0.0112,0.150843,0.236691,false,false,false,"ebi-a-GCST90018840",1,226577306,0.0196,458310,0.568499,"Epilepsy || id:ebi-a-GCST90018840","Epilepsy","Epilepsy ||  || ",true,"igd",{"v":7.3e-47,"d":"7.30E-47"},472174,"ieu-b-4879","telomere length || id:ieu-b-4879",true,"reported","igd",0.000414102,195.608496,2,1,true]
["rs9398196","G","A","G","A",-0.0143586,-0.0127,0.52005,0.543629,false,false,false,"ebi-a-GCST90018840",6,109601554,0.0176,458310,0.4716,"Epilepsy || id:ebi-a-GCST90018840","Epilepsy","Epilepsy ||  || ",true,"igd",{"v":9.5e-13,"d":"9.50E-13"},472174,"ieu-b-4879","telomere length || id:ieu-b-4879",true,"reported","igd",0.000102919,48.60044164,2,1,true]
["rs939916","A","G","A","G",0.0241795,0.0011,0.669967,0.591383,false,false,false,"ebi-a-GCST90018840",11,202253,0.0193,458310,0.9554,"Epilepsy || id:ebi-a-GCST90018840","Epilepsy","Epilepsy ||  || ",true,"igd",{"v":6.6e-29,"d":"6.60E-29"},472174,"ieu-b-4879","telomere length || id:ieu-b-4879",true,"reported","igd",0.000258545,122.1090732,2,1,true]
["rs9419958","C","T","C","T",-0.0810098,0.0351,0.86139,0.908048,false,false,false,"ebi-a-GCST90018840",10,105675946,0.0332,458310,0.2896,"Epilepsy || id:ebi-a-GCST90018840","Epilepsy","Epilepsy ||  || ",true,"igd",{"v":2.6e-167,"d":"2.60E-167"},472174,"ieu-b-4879","telomere length || id:ieu-b-4879",true,"reported","igd",0.00156711,741.106898,2,1,true]
["rs9600019","T","C","T","C",0.0127134,-0.0076,0.335579,0.419198,false,false,false,"ebi-a-GCST90018840",13,73317585,0.0179,458310,0.671301,"Epilepsy || id:ebi-a-GCST90018840","Epilepsy","Epilepsy ||  || ",true,"igd",{"v":2.4e-09,"d":"2.40E-09"},472174,"ieu-b-4879","telomere length || id:ieu-b-4879",true,"reported","igd",{"v":7.21e-05,"d":"7.21E-05"},34.03479017,2,1,true]
["rs9878436","T","C","T","C",-0.0143407,-0.0343,0.434393,0.316323,false,false,false,"ebi-a-GCST90018840",3,138244400,0.021,458310,0.1036,"Epilepsy || id:ebi-a-GCST90018840","Epilepsy","Epilepsy ||  || ",true,"igd",{"v":1.2e-12,"d":"1.20E-12"},472174,"ieu-b-4879","telomere length || id:ieu-b-4879",true,"reported","igd",0.000101057,47.72131599,2,1,true]
["rs9955360","A","C","A","C",-0.0190311,-0.0392,0.869288,0.841413,false,false,false,"ebi-a-GCST90018840",18,78008334,0.0248,458310,0.1132,"Epilepsy || id:ebi-a-GCST90018840","Epilepsy","Epilepsy ||  || ",true,"igd",{"v":2.2e-10,"d":"2.20E-10"},472174,"ieu-b-4879","telomere length || id:ieu-b-4879",true,"reported","igd",{"v":8.23e-05,"d":"8.23E-05"},38.8662732,2,1,true]
["rs17094148","G","A","G","A",0.18,-0.0029,0.2933,0.348663,false,false,false,"ebi-a-GCST90018840",10,101280279,0.0178,458310,0.8708,"Epilepsy || id:ebi-a-GCST90018840","Epilepsy","Epilepsy ||  || ",true,"igd",{"v":2.55e-08,"d":"2.55E-08"},34467,"ebi-a-GCST90014288","DNA methylation GrimAge acceleration || id:ebi-a-GCST90014288",true,"reported","igd",0.013431427,469.2163816,2,1,true]
["rs4065321","T","C","T","C",-0.1703,0.0036,0.5333,0.467196,false,false,false,"ebi-a-GCST90018840",17,38143548,0.0177,458310,0.8404,"Epilepsy || id:ebi-a-GCST90018840","Epilepsy","Epilepsy ||  || ",true,"igd",{"v":8.78e-09,"d":"8.78E-09"},34467,"ebi-a-GCST90014288","DNA methylation GrimAge acceleration || id:ebi-a-GCST90014288",true,"reported","igd",0.014436725,504.8501003,2,1,true]
["rs887466","A","G","A","G",-0.1928,-0.0076,0.3815,0.450488,false,false,false,"ebi-a-GCST90018840",6,31143511,0.0186,458310,0.6838,"Epilepsy || id:ebi-a-GCST90018840","Epilepsy","Epilepsy ||  || ",true,"igd",{"v":5.09e-10,"d":"5.09E-10"},34467,"ebi-a-GCST90014288","DNA methylation GrimAge acceleration || id:ebi-a-GCST90014288",true,"reported","igd",0.017541967,615.3788645,2,1,true]
["rs9386796","T","C","T","C",0.1983,0.0046,0.4597,0.365321,false,false,false,"ebi-a-GCST90018840",6,109618704,0.0198,458310,0.8157,"Epilepsy || id:ebi-a-GCST90018840","Epilepsy","Epilepsy ||  || ",true,"igd",{"v":1.64e-11,"d":"1.64E-11"},34467,"ebi-a-GCST90014288","DNA methylation GrimAge acceleration || id:ebi-a-GCST90014288",true,"reported","igd",0.019533717,686.6422377,2,1,true]
["rs10447389","A","G","A","G",-0.2764,0.0259,0.2687,0.268322,false,false,false,"ebi-a-GCST90018840",6,25642577,0.02,458310,0.1961,"Epilepsy || id:ebi-a-GCST90018840","Epilepsy","Epilepsy ||  || ",true,"igd",{"v":4.42e-16,"d":"4.42E-16"},34461,"ebi-a-GCST90014290","Intrinsic epigenetic age acceleration || id:ebi-a-GCST90014290",true,"reported","igd",0.030024053,1066.623181,2,1,true]
["rs10732882","G","T","G","T",0.2405,0.011,0.5941,0.527689,false,false,false,"ebi-a-GCST90018840",11,57111693,0.0176,458310,0.533499,"Epilepsy || id:ebi-a-GCST90018840","Epilepsy","Epilepsy ||  || ",true,"igd",{"v":3.68e-14,"d":"3.68E-14"},34461,"ebi-a-GCST90014290","Intrinsic epigenetic age acceleration || id:ebi-a-GCST90014290",true,"reported","igd",0.027895796,988.8458828,2,1,true]
["rs10735418","C","T","C","T",-0.1954,{"v":0.0004,"d":"4.00E-04"},0.3722,0.4076,false,false,false,"ebi-a-GCST90018840",12,107359365,0.0177,458310,0.9832,"Epilepsy || id:ebi-a-GCST90018840","Epilepsy","Epilepsy ||  || ",true,"igd",{"v":1.14e-09,"d":"1.14E-09"},34461,"ebi-a-GCST90014290","Intrinsic epigenetic age acceleration || id:ebi-a-GCST90014290",true,"reported","igd",0.017843366,626.0351387,2,1,true]
["rs10949481","T","A","T","A",-1.0823,-0.0204,0.0532,0.0355545,false,true,false,"ebi-a-GCST90018840",6,18121029,0.0544,458310,0.7072,"Epilepsy || id:ebi-a-GCST90018840","Epilepsy","Epilepsy ||  || ",true,"igd",{"v":4.56e-54,"d":"4.56E-54"},34461,"ebi-a-GCST90014290","Intrinsic epigenetic age acceleration || id:ebi-a-GCST90014290",true,"reported","igd",0.118003583,4610.31971,2,1,true]
["rs12043492","T","C","T","C",0.2166,-0.0101,0.4212,0.499018,false,false,false,"ebi-a-GCST90018840",1,39457006,0.0183,458310,0.5806,"Epilepsy || id:ebi-a-GCST90018840","Epilepsy","Epilepsy ||  || ",true,"igd",{"v":4.35e-12,"d":"4.35E-12"},34461,"ebi-a-GCST90014290","Intrinsic epigenetic age acceleration || id:ebi-a-GCST90014290",true,"reported","igd",0.022875141,806.7080544,2,1,true]
["rs12666349","C","T","C","T",-0.2548,0.0013,0.1972,0.194854,false,false,false,"ebi-a-GCST90018840",7,31728180,0.0214,458310,0.9516,"Epilepsy || id:ebi-a-GCST90018840","Epilepsy","Epilepsy ||  || ",true,"igd",{"v":5.23e-09,"d":"5.23E-09"},34461,"ebi-a-GCST90014290","Intrinsic epigenetic age acceleration || id:ebi-a-GCST90014290",true,"reported","igd",0.020556213,723.2130797,2,1,true]
["rs12903325","G","T","G","T",0.2216,{"v":-0.0003,"d":"-3.00E-04"},0.2404,0.271493,false,false,false,"ebi-a-GCST90018840",15,50353277,0.0197,458310,0.9887,"Epilepsy || id:ebi-a-GCST90018840","Epilepsy","Epilepsy ||  || ",true,"igd",{"v":5.48e-10,"d":"5.48E-10"},34461,"ebi-a-GCST90014290","Intrinsic epigenetic age acceleration || id:ebi-a-GCST90014290",true,"reported","igd",0.017934486,629.2904433,2,1,true]
["rs144317085","T","A","T","A",-0.5136,0.041,0.0388,0.0396537,false,true,false,"ebi-a-GCST90018840",4,105806108,0.0491,458310,0.403,"Epilepsy || id:ebi-a-GCST90018840","Epilepsy","Epilepsy ||  || ",true,"igd",{"v":6.42e-10,"d":"6.42E-10"},34461,"ebi-a-GCST90014290","Intrinsic epigenetic age acceleration || id:ebi-a-GCST90014290",true,"reported","igd",0.019675488,691.6053143,2,1,true]
["rs1488106","C","T","C","T",-0.1827,-0.0167,0.6279,0.57695,false,false,false,"ebi-a-GCST90018840",3,168859006,0.0178,458310,0.3472,"Epilepsy || id:ebi-a-GCST90018840","Epilepsy","Epilepsy ||  || ",true,"igd",{"v":4.25e-09,"d":"4.25E-09"},34461,"ebi-a-GCST90014290","Intrinsic epigenetic age acceleration || id:ebi-a-GCST90014290",true,"reported","igd",0.015597581,545.9932092,2,1,true]
["rs1511762","C","T","C","T",-0.2642,-0.03,0.7814,0.806008,false,false,false,"ebi-a-GCST90018840",18,42119324,0.023,458310,0.192,"Epilepsy || id:ebi-a-GCST90018840","Epilepsy","Epilepsy ||  || ",true,"igd",{"v":1.53e-12,"d":"1.53E-12"},34461,"ebi-a-GCST90014290","Intrinsic epigenetic age acceleration || id:ebi-a-GCST90014290",true,"reported","igd",0.0238462,841.7897003,2,1,true]
["rs1726672","T","C","T","C",-0.2038,0.0122,0.3036,0.34472,false,false,false,"ebi-a-GCST90018840",1,236519502,0.0178,458310,0.4927,"Epilepsy || id:ebi-a-GCST90018840","Epilepsy","Epilepsy ||  || ",true,"igd",{"v":6.05e-10,"d":"6.05E-10"},34461,"ebi-a-GCST90014290","Intrinsic epigenetic age acceleration || id:ebi-a-GCST90014290",true,"reported","igd",0.017563007,616.022887,2,1,true]
["rs2275558","A","G","A","G",-0.2335,0.0112,0.2212,0.210204,false,false,false,"ebi-a-GCST90018840",1,164529120,0.0278,458310,0.6864,"Epilepsy || id:ebi-a-GCST90018840","Epilepsy","Epilepsy ||  || ",true,"igd",{"v":6.44e-09,"d":"6.44E-09"},34461,"ebi-a-GCST90014290","Intrinsic epigenetic age acceleration || id:ebi-a-GCST90014290",true,"reported","igd",0.018785157,659.7104931,2,1,true]
["rs2492286","T","G","T","G",0.2808,-0.0124,0.1519,0.200271,false,false,false,"ebi-a-GCST90018840",3,128336298,0.0226,458310,0.5825,"Epilepsy || id:ebi-a-GCST90018840","Epilepsy","Epilepsy ||  || ",true,"igd",{"v":5.29e-11,"d":"5.29E-11"},34461,"ebi-a-GCST90014290","Intrinsic epigenetic age acceleration || id:ebi-a-GCST90014290",true,"reported","igd",0.020315571,714.5711933,2,1,true]
["rs2736099","G","A","G","A",-0.2326,-0.0181,0.6462,0.667209,false,false,false,"ebi-a-GCST90018840",5,1287340,0.0189,458310,0.3378,"Epilepsy || id:ebi-a-GCST90018840","Epilepsy","Epilepsy ||  || ",true,"igd",{"v":3.47e-12,"d":"3.47E-12"},34461,"ebi-a-GCST90014290","Intrinsic epigenetic age acceleration || id:ebi-a-GCST90014290",true,"reported","igd",0.024738548,874.089312,2,1,true]
["rs34003787","T","C","T","C",0.3239,{"v":0.0009,"d":"9.00E-04"},0.0862,0.104594,false,false,false,"ebi-a-GCST90018840",16,73071381,0.0299,458310,0.9766,"Epilepsy || id:ebi-a-GCST90018840","Epilepsy","Epilepsy ||  || ",true,"igd",{"v":2.54e-08,"d":"2.54E-08"},34461,"ebi-a-GCST90014290","Intrinsic epigenetic age acceleration || id:ebi-a-GCST90014290",true,"reported","igd",0.01652762,579.0963312,2,1,true]
["rs3917672","G","A","G","A",0.2622,0.0074,0.5142,0.441087,false,false,false,"ebi-a-GCST90018840",1,169592981,0.0179,458310,0.6817,"Epilepsy || id:ebi-a-GCST90018840","Epilepsy","Epilepsy ||  || ",true,"igd",{"v":5.95e-18,"d":"5.95E-18"},34461,"ebi-a-GCST90014290","Intrinsic epigenetic age acceleration || id:ebi-a-GCST90014290",true,"reported","igd",0.034346695,1225.649781,2,1,true]
["rs4240228","T","G","T","G",0.2547,0.0024,0.7168,0.773175,false,false,false,"ebi-a-GCST90018840",2,16688759,0.0216,458310,0.9127,"Epilepsy || id:ebi-a-GCST90018840","Epilepsy","Epilepsy ||  || ",true,"igd",{"v":2.47e-14,"d":"2.47E-14"},34461,"ebi-a-GCST90014290","Intrinsic epigenetic age acceleration || id:ebi-a-GCST90014290",true,"reported","igd",0.026337778,932.1235522,2,1,true]
["rs57941717","T","G","T","G",0.2908,-0.0247,0.2528,0.21097,false,false,false,"ebi-a-GCST90018840",21,38374179,0.0217,458310,0.2543,"Epilepsy || id:ebi-a-GCST90018840","Epilepsy","Epilepsy ||  || ",true,"igd",{"v":3.71e-16,"d":"3.71E-16"},34461,"ebi-a-GCST90014290","Intrinsic epigenetic age acceleration || id:ebi-a-GCST90014290",true,"reported","igd",0.031947195,1137.198702,2,1,true]
["rs6414374","G","A","G","A",-0.3214,0.0036,0.8375,0.863559,false,false,false,"ebi-a-GCST90018840",3,150001224,0.0267,458310,0.893,"Epilepsy || id:ebi-a-GCST90018840","Epilepsy","Epilepsy ||  || ",true,"igd",{"v":1.42e-14,"d":"1.42E-14"},34461,"ebi-a-GCST90014290","Intrinsic epigenetic age acceleration || id:ebi-a-GCST90014290",true,"reported","igd",0.028116413,996.8925351,2,1,true]
["rs6577536","G","A","G","A",-0.1968,-0.053,0.5157,0.508577,false,false,false,"ebi-a-GCST90018840",1,8910110,0.046,458310,0.2487,"Epilepsy || id:ebi-a-GCST90018840","Epilepsy","Epilepsy ||  || ",true,"igd",{"v":6.73e-11,"d":"6.73E-11"},34461,"ebi-a-GCST90014290","Intrinsic epigenetic age acceleration || id:ebi-a-GCST90014290",true,"reported","igd",0.019346027,679.7960897,2,1,true]
["rs75243280","C","T","C","T",0.2323,-0.0024,0.3314,0.330797,false,false,false,"ebi-a-GCST90018840",22,17601466,0.0262,458310,0.9262,"Epilepsy || id:ebi-a-GCST90018840","Epilepsy","Epilepsy ||  || ",true,"igd",{"v":7.37e-12,"d":"7.37E-12"},34461,"ebi-a-GCST90014290","Intrinsic epigenetic age acceleration || id:ebi-a-GCST90014290",true,"reported","igd",0.023913728,844.2318976,2,1,true]
["rs7550821","T","C","T","C",-0.2551,-0.0126,0.2441,0.172529,false,false,false,"ebi-a-GCST90018840",1,208029947,0.0257,458310,0.6239,"Epilepsy || id:ebi-a-GCST90018840","Epilepsy","Epilepsy ||  || ",true,"igd",{"v":3.27e-13,"d":"3.27E-13"},34461,"ebi-a-GCST90014290","Intrinsic epigenetic age acceleration || id:ebi-a-GCST90014290",true,"reported","igd",0.024015025,847.895979,2,1,true]
["rs7627756","A","G","A","G",0.2162,0.0168,0.5615,0.486914,false,false,false,"ebi-a-GCST90018840",3,160217483,0.0184,458310,0.3626,"Epilepsy || id:ebi-a-GCST90018840","Epilepsy","Epilepsy ||  || ",true,"igd",{"v":6.27e-13,"d":"6.27E-13"},34461,"ebi-a-GCST90014290","Intrinsic epigenetic age acceleration || id:ebi-a-GCST90014290",true,"reported","igd",0.023017637,811.8516534,2,1,true]
["rs79111787","C","T","C","T",0.9076,0.0407,0.0322,0.0315515,false,false,false,"ebi-a-GCST90018840",3,47715545,0.0432,458310,0.3461,"Epilepsy || id:ebi-a-GCST90018840","Epilepsy","Epilepsy ||  || ",true,"igd",{"v":1.28e-10,"d":"1.28E-10"},34461,"ebi-a-GCST90014290","Intrinsic epigenetic age acceleration || id:ebi-a-GCST90014290",true,"reported","igd",0.051340543,1864.88815,2,1,true]
["rs1005277","C","A","C","A",-0.3006,0.0061,0.7018,0.70364,false,false,false,"ebi-a-GCST90018840",10,38218259,0.0196,458310,0.7561,"Epilepsy || id:ebi-a-GCST90018840","Epilepsy","Epilepsy ||  || ",true,"igd",{"v":8.92e-20,"d":"8.92E-20"},34449,"ebi-a-GCST90014289","DNA methylation Hannum age acceleration || id:ebi-a-GCST90014289",true,"reported","igd",0.037820647,1354.017641,2,1,true]
["rs10786282","G","A","G","A",0.36,-0.0133,0.7876,0.826949,false,false,false,"ebi-a-GCST90018840",10,98122808,0.0236,458310,0.5739,"Epilepsy || id:ebi-a-GCST90018840","Epilepsy","Epilepsy ||  || ",true,"igd",{"v":2.61e-23,"d":"2.61E-23"},34449,"ebi-a-GCST90014289","DNA methylation Hannum age acceleration || id:ebi-a-GCST90014289",true,"reported","igd",0.043360593,1561.343126,2,1,true]
["rs12417758","C","T","C","T",0.2093,-0.0188,0.4539,0.418865,false,false,false,"ebi-a-GCST90018840",11,66076360,0.018,458310,0.2971,"Epilepsy || id:ebi-a-GCST90018840","Epilepsy","Epilepsy ||  || ",true,"igd",{"v":6.21e-12,"d":"6.21E-12"},34449,"ebi-a-GCST90014289","DNA methylation Hannum age acceleration || id:ebi-a-GCST90014289",true,"reported","igd",0.021717049,764.6940865,2,1,true]
["rs1598856","G","A","G","A",-0.1858,0.0133,0.5508,0.519921,false,false,false,"ebi-a-GCST90018840",4,103446115,0.0173,458310,0.4445,"Epilepsy || id:ebi-a-GCST90018840","Epilepsy","Epilepsy ||  || ",true,"igd",{"v":3.63e-10,"d":"3.63E-10"},34449,"ebi-a-GCST90014289","DNA methylation Hannum age acceleration || id:ebi-a-GCST90014289",true,"reported","igd",0.017082644,598.6727567,2,1,true]
["rs290805","T","C","T","C",-0.2268,-0.0121,0.1915,0.196818,false,false,false,"ebi-a-GCST90018840",7,130419958,0.0216,458310,0.574101,"Epilepsy || id:ebi-a-GCST90018840","Epilepsy","Epilepsy ||  || ",true,"igd",{"v":1.51e-08,"d":"1.51E-08"},34449,"ebi-a-GCST90014289","DNA methylation Hannum age acceleration || id:ebi-a-GCST90014289",true,"reported","igd",0.015928134,557.5572763,2,1,true]
["rs3093956","C","T","C","T",0.2428,0.0489,0.1858,0.12268,false,false,false,"ebi-a-GCST90018840",6,31426967,0.0348,458310,0.1591,"Epilepsy || id:ebi-a-GCST90018840","Epilepsy","Epilepsy ||  || ",true,"igd",{"v":8.39e-10,"d":"8.39E-10"},34449,"ebi-a-GCST90014289","DNA methylation Hannum age acceleration || id:ebi-a-GCST90014289",true,"reported","igd",0.017836275,625.563907,2,1,true]
["rs34970912","G","C","G","C",0.5213,-0.1001,0.0352,0.0295076,false,true,false,"ebi-a-GCST90018840",16,73068163,0.0748,458310,0.1807,"Epilepsy || id:ebi-a-GCST90018840","Epilepsy","Epilepsy ||  || ",true,"igd",{"v":2.88e-08,"d":"2.88E-08"},34449,"ebi-a-GCST90014289","DNA methylation Hannum age acceleration || id:ebi-a-GCST90014289",true,"reported","igd",0.018458032,647.780597,2,1,true]
["rs4383328","T","A","T","A",0.1889,0.003,0.7152,0.773186,false,true,false,"ebi-a-GCST90018840",2,16693124,0.0217,458310,0.8913,"Epilepsy || id:ebi-a-GCST90018840","Epilepsy","Epilepsy ||  || ",true,"igd",{"v":9.57e-09,"d":"9.57E-09"},34449,"ebi-a-GCST90014289","DNA methylation Hannum age acceleration || id:ebi-a-GCST90014289",true,"reported","igd",0.014536552,508.127017,2,1,true]
["rs4838595","T","C","T","C",-0.2576,-0.0063,0.1217,0.253697,false,false,false,"ebi-a-GCST90018840",10,49675247,0.023,458310,0.784701,"Epilepsy || id:ebi-a-GCST90018840","Epilepsy","Epilepsy ||  || ",true,"igd",{"v":1.29e-08,"d":"1.29E-08"},34449,"ebi-a-GCST90014289","DNA methylation Hannum age acceleration || id:ebi-a-GCST90014289",true,"reported","igd",0.014185844,495.6915651,2,1,true]
["rs11190127","A","C","A","C",0.2484,0.0459,0.3786,0.449435,false,false,false,"ebi-a-GCST90018840",10,101271982,0.0253,458310,0.0696707,"Epilepsy || id:ebi-a-GCST90018840","Epilepsy","Epilepsy ||  || ",true,"igd",{"v":3.83e-10,"d":"3.83E-10"},34463,"ebi-a-GCST90014292","DNA methylation PhenoAge acceleration || id:ebi-a-GCST90014292",true,"reported","igd",0.02903254,1030.405664,2,1,true]
["rs11253338","T","C","T","C",0.2846,0.0206,0.184,0.127714,false,false,false,"ebi-a-GCST90018840",10,759559,0.0304,458310,0.4987,"Epilepsy || id:ebi-a-GCST90018840","Epilepsy","Epilepsy ||  || ",true,"igd",{"v":8.48e-09,"d":"8.48E-09"},34463,"ebi-a-GCST90014292","DNA methylation PhenoAge acceleration || id:ebi-a-GCST90014292",true,"reported","igd",0.024322475,859.071564,2,1,true]
["rs116853700","A","G","A","G",0.5517,0.0835,0.0425,0.0475292,false,false,false,"ebi-a-GCST90018840",17,55466295,0.048,458310,0.08163,"Epilepsy || id:ebi-a-GCST90018840","Epilepsy","Epilepsy ||  || ",true,"igd",{"v":1.59e-08,"d":"1.59E-08"},34463,"ebi-a-GCST90014292","DNA methylation PhenoAge acceleration || id:ebi-a-GCST90014292",true,"reported","igd",0.024772149,875.3574984,2,1,true]
["rs1990053","A","G","A","G",0.2573,0.0483,0.4231,0.362972,false,false,false,"ebi-a-GCST90018840",7,44925896,0.0189,458310,0.0106699,"Epilepsy || id:ebi-a-GCST90018840","Epilepsy","Epilepsy ||  || ",true,"igd",{"v":2.05e-11,"d":"2.05E-11"},34463,"ebi-a-GCST90014292","DNA methylation PhenoAge acceleration || id:ebi-a-GCST90014292",true,"reported","igd",0.032318644,1150.929269,2,1,true]
["rs3829957","T","C","T","C",-0.3796,-0.008,0.1974,0.257555,false,false,false,"ebi-a-GCST90018840",17,3378876,0.0192,458310,0.677699,"Epilepsy || id:ebi-a-GCST90018840","Epilepsy","Epilepsy ||  || ",true,"igd",{"v":3.51e-15,"d":"3.51E-15"},34463,"ebi-a-GCST90014292","DNA methylation PhenoAge acceleration || id:ebi-a-GCST90014292",true,"reported","igd",0.045659243,1648.743556,2,1,true]
["rs6531114","C","T","C","T",0.2542,0.0107,0.7367,0.804227,false,false,false,"ebi-a-GCST90018840",2,16617781,0.0239,458310,0.6557,"Epilepsy || id:ebi-a-GCST90018840","Epilepsy","Epilepsy ||  || ",true,"igd",{"v":2.07e-09,"d":"2.07E-09"},34463,"ebi-a-GCST90014292","DNA methylation PhenoAge acceleration || id:ebi-a-GCST90014292",true,"reported","igd",0.025068169,886.0867508,2,1,true]
["rs678553","C","T","C","T",-0.3265,0.0099,0.3108,0.349235,false,false,false,"ebi-a-GCST90018840",1,236525447,0.0179,458310,0.579001,"Epilepsy || id:ebi-a-GCST90018840","Epilepsy","Epilepsy ||  || ",true,"igd",{"v":2.27e-15,"d":"2.27E-15"},34463,"ebi-a-GCST90014292","DNA methylation PhenoAge acceleration || id:ebi-a-GCST90014292",true,"reported","igd",0.04566912,1649.117289,2,1,true]
["rs7228835","C","G","C","G",-0.5144,-0.0379,0.1217,0.161562,false,true,false,"ebi-a-GCST90018840",18,41969071,0.0233,458310,0.1046,"Epilepsy || id:ebi-a-GCST90018840","Epilepsy","Epilepsy ||  || ",true,"igd",{"v":3.3e-17,"d":"3.30E-17"},34463,"ebi-a-GCST90014292","DNA methylation PhenoAge acceleration || id:ebi-a-GCST90014292",true,"reported","igd",0.05656729,2066.247413,2,1,true]
["rs73028070","A","G","A","G",-0.4329,0.0272,0.0786,0.0624062,false,false,false,"ebi-a-GCST90018840",11,122681835,0.0386,458310,0.4809,"Epilepsy || id:ebi-a-GCST90018840","Epilepsy","Epilepsy ||  || ",true,"igd",{"v":1.74e-08,"d":"1.74E-08"},34463,"ebi-a-GCST90014292","DNA methylation PhenoAge acceleration || id:ebi-a-GCST90014292",true,"reported","igd",0.02714413,961.513294,2,1,true]
["rs752223","A","G","A","G",-0.5602,-0.0759,0.0818,0.0913177,false,false,false,"ebi-a-GCST90018840",1,60433076,0.0305,458310,0.0129399,"Epilepsy || id:ebi-a-GCST90018840","Epilepsy","Epilepsy ||  || ",true,"igd",{"v":7.2e-15,"d":"7.20E-15"},34463,"ebi-a-GCST90014292","DNA methylation PhenoAge acceleration || id:ebi-a-GCST90014292",true,"reported","igd",0.047141869,1704.929511,2,1,true]